| 000 | 00624cam a22002291 4500 | ||
|---|---|---|---|
| 001 | sa 68017865 | ||
| 003 | DLC | ||
| 005 | 20260227112706.0 | ||
| 008 | 950217s1968 ii j 000 0 pero | ||
| 010 | _asa 68017865 | ||
| 025 | _aPL480:I-P-57 | ||
| 035 | _a(OCoLC)32009668 | ||
| 040 |
_aDLC _cCU _dCU _dDLC |
||
| 042 | _apremarc | ||
| 050 | 0 | 0 |
_aPK6495.N26 _bA6 1968 |
| 100 | 0 |
_aNanda Lāla, _d1633-1705. |
|
| 245 | 1 | 0 | _aBhāī Nanda Lāla granthāwalī. |
| 260 | _c[1968] | ||
| 300 |
_a32, 221 p. _bgeneal. table. _c23 cm. |
||
| 500 | _aIn Persian; explanations and some poems in Panjabi. | ||
| 700 | 1 | _aSingh, Ganda. | |
| 999 |
_c88015 _d88015 |
||